| 000 | 00360nam a2200157Ia 4500 | ||
|---|---|---|---|
| 005 | 20240724034905.0 | ||
| 008 | 240331s9999 xx 000 0 und d | ||
| 020 | _a0415134943 | ||
| 082 |
_a291.1 _bCOU |
||
| 100 | _aCoupe, L | ||
| 245 | 0 | _aMyth | |
| 260 |
_aLondon _bRoutledge _c1997 |
||
| 300 | _axi, 219 p ., | ||
| 650 | _aThe new critical idiom | ||
| 942 | _cL | ||
| 999 |
_c849 _d849 |
||